José Luis Lamadrid, una sola pasion (Record no. 115325)
[ view plain ]
| 000 -LEADER | |
|---|---|
| fixed length control field | 00849nam a22002297a 4500 |
| 005 - DATE AND TIME OF LATEST TRANSACTION | |
| control field | 20210617102920.0 |
| 008 - FIXED-LENGTH DATA ELEMENTS--GENERAL INFORMATION | |
| fixed length control field | 160414b2004 mx ||||| |||| 00| 0 spa d |
| 020 ## - INTERNATIONAL STANDARD BOOK NUMBER | |
| International Standard Book Number | 9707014962 |
| 050 #4 - LIBRARY OF CONGRESS CALL NUMBER | |
| Classification number | F1236.6.L36 |
| Item number | J67 2004 |
| 245 00 - TITLE STATEMENT | |
| Title | José Luis Lamadrid, una sola pasion |
| Remainder of title | : la política |
| Statement of responsibility, etc | / coordinadores, Luz Lajous, Fernando Franco. |
| 250 ## - EDITION STATEMENT | |
| Edition statement | 1a ed. |
| Remainder of edition statement | Edición homenaje |
| 260 ## - PUBLICATION, DISTRIBUTION, ETC. (IMPRINT) | |
| Place of publication, distribution, etc | Mexico |
| Name of publisher, distributor, etc | Cámara de Diputados |
| 260 ## - PUBLICATION, DISTRIBUTION, ETC. (IMPRINT) | |
| Name of publisher, distributor, etc | Miguel Ángel Porrúa, |
| Date of publication, distribution, etc | 2004. |
| Place of publication, distribution, etc | México : |
| 300 ## - PHYSICAL DESCRIPTION | |
| Extent | 364 p. ; |
| Other physical details | il. ; |
| Dimensions | 23 cm. |
| 490 0# - SERIES STATEMENT | |
| Series statement | Conocer para Decidir |
| 504 ## - BIBLIOGRAPHY, ETC. NOTE | |
| Bibliography, etc | Incluye índice |
| 600 10 - SUBJECT ADDED ENTRY--PERSONAL NAME | |
| Personal name | Lamadrid Sauza, José Luis |
| 651 #7 - SUBJECT ADDED ENTRY--GEOGRAPHIC NAME | |
| Source of heading or term | lemb |
| Geographic subdivision | México |
| General subdivision | La riqueza de las naciones |
| -- | Politica y gobierno |
| Chronological subdivision | Siglo XX |
| 700 1# - ADDED ENTRY--PERSONAL NAME | |
| Personal name | Lajous, Luz, |
| Relator term | coordinadora |
| 700 1# - ADDED ENTRY--PERSONAL NAME | |
| Personal name | Franco González Salas, José Fernando, |
| Relator term | coordinador |
| 942 ## - ADDED ENTRY ELEMENTS (KOHA) | |
| Source of classification or shelving scheme | Biblioteca del Cogreso de los Estados Unidos |
| Koha item type | Libro |
| Estado de pérdida | Fuente de clasificación | Estado del daño | No para préstamo | Ubicación permanente | Ubicación actual | Apartado o colección | Fecha de adquisición | Edición | Dependencia de educación superior (DES) | Área del conocimiento | Clasificación | Código de Barras | Date last seen | Número de copia | Costo por reposición | Tipo de recurso | Fuente de adquisición | Total Checkouts |
|---|---|---|---|---|---|---|---|---|---|---|---|---|---|---|---|---|---|---|
| Biblioteca del Cogreso de los Estados Unidos | Biblioteca de la Facultad de Derecho y Ciencias Sociales "Felipe J. Tena" | Biblioteca de la Facultad de Derecho y Ciencias Sociales "Felipe J. Tena" | General | 15/04/2016 | 1a. ed. | Derecho | Ciencias Sociales y Administrativas | F1236.6.L36 J67 2004 | BFD000007561 | 15/04/2016 | 1 | 1.00 | Libro | |||||
| Biblioteca del Cogreso de los Estados Unidos | Biblioteca de la Unidad de Ciencias Ingeniería y Humanidades | Biblioteca de la Unidad de Ciencias Ingeniería y Humanidades | Colección "Miguel Ángel Porrúa" | 03/05/2017 | 1a ed. | Ciencias Sociales y Administrativas | F1236.6.L36 J67 2004 | BCU000018357 | 03/05/2017 | 1 | Libro | Donación | ||||||
| Biblioteca del Cogreso de los Estados Unidos | Biblioteca del Posgrado en Derecho | Biblioteca del Posgrado en Derecho | Colección Ernesto Villanueva | 24/03/2021 | 1a ed. | Derecho | Ciencias Sociales y Administrativas | F1236.6.L36 J67 2004 | BPD000001395 | 24/03/2021 | 1 | 1.00 | Libro |